000 00748nam a22002657a 4500
001 8460
003 FISKH
005 20250915083518.0
008 250915b cb ||||| |||| 00| 0 eng d
020 _a9780618600427
040 _aFISKH
_beng
_cFISKH
_dFISKH
082 _a571.6
100 _aRoach, Linda
245 _aCells /
_cby Linda Roach
260 _aBoston :
_bHoughton Mifflin ,
_c2006.
300 _a16 pages :
_bcolor illustrations ;
_c20 cm .
490 _a Houghton Mifflin science leveled readers
505 _aR
521 8 _a750
_bLexile estimate
521 8 _aR
_bRaz-Plus
700 _aDurke, Stephen
_eIllustrator
700 _aGibson, Barbara
_eIllustrator
942 _2ddc
_cBK
_n0
999 _c8460
_d8460